[Event "Bhubaneswar op-A 13th"]
[Site "Bhubaneswar"]
[Date "2022.05.23"]
[Round "2"]
[White "Velpula, Sarayu"]
[Black "Karthikeyan, Pandian"]
[Result "1/2-1/2"]
[WhiteElo "1845"]
[BlackElo "2361"]
[PlyCount "64"]
[EventDate "2022.05.22"]
[EventType "swiss"]
[EventRounds "10"]
[EventCountry "IND"]
[SourceTitle "CBM 208 Extra"]
[Source "ChessBase"]
[SourceDate "2022.07.31"]
[SourceVersion "1"]
[SourceVersionDate "2022.07.31"]
[SourceQuality "1"]

1. e4 c5 2. Nc3 d6 3. d4 cxd4 4. Qxd4 Nc6 5. Qd2 g6 6. b3 Bh6 7. f4 Nf6 8. Bb2 0-0 9. 0-0-0 e5 10. g3 Re8 11. Kb1 Nd4 12. Qf2 Bg4 13. Re1 Rc8 14. h3 Bd7 15. Nf3 Bg7 16. fxe5 dxe5 17. Bd3 Bc6 18. Rhf1 Qd7 19. g4 b5 20. Nd1 Rcd8 21. Nxd4 exd4 22. e5 Nd5 23. Qxd4 Qb7 24. Qg1 Nb4 25. Nf2 Bd5 26. g5 Qc6 27. Qh2 a5 28. Qf4 Nxd3 29. Nxd3 Be6 30. Nf2 a4 31. Ne4 axb3 32. axb3 Bf5 1/2-1/2

[Event "IND-ch Blitz"]
[Site "Nashik"]
[Date "2022.04.30"]
[Round "10"]
[White "Anuj, Shrivatri"]
[Black "Karthikeyan, Pandian"]
[Result "1/2-1/2"]
[WhiteElo "2342"]
[BlackElo "2378"]
[PlyCount "33"]
[EventDate "2022.04.30"]
[EventType "swiss (blitz)"]
[EventRounds "11"]
[EventCountry "IND"]
[SourceTitle "CBM 208 Extra"]
[Source "ChessBase"]
[SourceDate "2022.07.31"]
[SourceVersion "1"]
[SourceVersionDate "2022.07.31"]
[SourceQuality "1"]

1. d4 Nf6 2. c4 e6 3. Nc3 Bb4 4. f3 d5 5. a3 Be7 6. e4 dxe4 7. fxe4 e5 8. d5 Bc5 9. Be2 c6 10. Qd3 cxd5 11. cxd5 0-0 12. Be3 Nbd7 13. Nh3 Qb6 14. Na4 Qa5+ 15. Nc3 Qb6 16. Na4 Qa5+ 17. Nc3 1/2-1/2

[Event "IND-ch Blitz"]
[Site "Nashik"]
[Date "2022.04.30"]
[Round "5"]
[White "Ayush, Sharma"]
[Black "Karthikeyan, Pandian"]
[Result "0-1"]
[WhiteElo "2311"]
[BlackElo "2378"]
[PlyCount "68"]
[EventDate "2022.04.30"]
[EventType "swiss (blitz)"]
[EventRounds "11"]
[EventCountry "IND"]
[SourceTitle "CBM 208 Extra"]
[Source "ChessBase"]
[SourceDate "2022.07.31"]
[SourceVersion "1"]
[SourceVersionDate "2022.07.31"]
[SourceQuality "1"]

1. e4 e5 2. Nf3 Nc6 3. Bb5 a6 4. Ba4 Nf6 5. 0-0 b5 6. Bb3 Bc5 7. c3 d6 8. d4 Bb6 9. a4 Bg4 10. a5 Nxa5 11. Bd5 Nxd5 12. exd5 e4 13. Re1 f5 14. h3 Bh5 15. g4 0-0 16. gxh5 exf3 17. Qxf3 Nb3 18. Ra3 Nxc1 19. Kh2 b4 20. cxb4 Bxd4 21. Rxc1 Be5+ 22. Kh1 Bxb2 23. Rg1 Bxa3 24. Nxa3 Qe7 25. Nc2 Qe4 26. Qxe4 fxe4 27. Nd4 Rxf2 28. Ne6 Rf7 29. Re1 Re8 30. Rxe4 c6 31. dxc6 Rfe7 32. c7 Rxc7 33. Nxc7 Rxe4 34. Nxa6 Kf7 0-1

[Event "IND-ch Blitz"]
[Site "Nashik"]
[Date "2022.04.30"]
[Round "7"]
[White "Karthikeyan, Pandian"]
[Black "Arjun, Kalyan"]
[Result "0-1"]
[WhiteElo "2378"]
[BlackElo "2477"]
[PlyCount "154"]
[EventDate "2022.04.30"]
[EventType "swiss (blitz)"]
[EventRounds "11"]
[EventCountry "IND"]
[SourceTitle "CBM 208 Extra"]
[Source "ChessBase"]
[SourceDate "2022.07.31"]
[SourceVersion "1"]
[SourceVersionDate "2022.07.31"]
[SourceQuality "1"]

1. e4 e5 2. Nf3 Nc6 3. Bc4 Bc5 4. c3 Nf6 5. d3 d6 6. 0-0 0-0 7. h3 h6 8. Re1 a5 9. d4 Ba7 10. Bb3 Re8 11. Bc2 d5 12. Nxe5 Nxe5 13. dxe5 Nxe4 14. Be3 c5 15. Bxe4 dxe4 16. Qxd8 Rxd8 17. c4 Be6 18. Nd2 Bb8 19. Nxe4 b6 20. Nd6 Bxd6 21. exd6 Bxc4 22. b3 Be6 23. Bf4 b5 24. Rac1 Rac8 25. Re3 b4 26. Re2 c4 27. bxc4 Rxc4 28. Rxc4 Bxc4 29. Rc2 Be6 30. Rb2 Rc8 31. Kf1 Rc4 32. Be3 Kf8 33. Ke2 Ke8 34. Bb6 a4 35. Ba5 b3 36. axb3 axb3 37. Kd3 Ra4 38. Bc3 f6 39. Bd4 Kd7 40. Bc5 Kc6 41. Bd4 Kxd6 42. Kc3 Rc4+ 43. Kd3 Rc8 44. Rd2 Bf5+ 45. Ke3 Ke6 46. g4 Bc2 47. Bb2 Ra8 48. Kd4 Ra4+ 49. Kc3 Rf4 50. Ba3 Rf3+ 51. Kb2 Rxh3 52. f4 Rg3 53. f5+ Kf7 54. Rd7+ Kg8 55. Rd4 Rg2 56. Kc3 Kh7 57. Bf8 Rg3+ 58. Kb2 h5 59. gxh5 Kh6 60. Rd7 Bxf5 61. Rb7 Bc2 62. Rb5 Rg5 63. Rb6 Kxh5 64. Rb7 Kh6 65. Be7 Kg6 66. Bd6 Rg2 67. Kc3 Kf5 68. Rb5+ Ke6 69. Bf8 g5 70. Bg7 Rf2 71. Rb6+ Kf7 72. Rb7+ Kg6 73. Bf8 Rf3+ 74. Kb2 g4 75. Be7 f5 76. Bd6 g3 77. Be5 f4 0-1

[Event "IND-ch Blitz"]
[Site "Nashik"]
[Date "2022.04.30"]
[Round "6"]
[White "Sidhant, Mohapatra"]
[Black "Karthikeyan, Pandian"]
[Result "0-1"]
[WhiteElo "2336"]
[BlackElo "2378"]
[PlyCount "58"]
[EventDate "2022.04.30"]
[EventType "swiss (blitz)"]
[EventRounds "11"]
[EventCountry "IND"]
[SourceTitle "CBM 208 Extra"]
[Source "ChessBase"]
[SourceDate "2022.07.31"]
[SourceVersion "1"]
[SourceVersionDate "2022.07.31"]
[SourceQuality "1"]

1. e4 e5 2. Nf3 Nc6 3. Bc4 Bc5 4. 0-0 Nf6 5. d3 d6 6. c3 0-0 7. a4 a5 8. Bg5 h6 9. Bh4 Qe7 10. Nbd2 Be6 11. Re1 Kh8 12. Bxe6 fxe6 13. Nc4 Qf7 14. d4 exd4 15. cxd4 Bb4 16. Re2 Nh5 17. Bg3 Qg6 18. d5 Ne7 19. Nd4 exd5 20. exd5 Nxd5 21. Ne6 Rf5 22. Nd4 Rf6 23. Nb5 Ndf4 24. Re7 c6 25. Nbxd6 Bxd6 26. Rd7 Bc5 27. Rd8+ Rxd8 28. Qxd8+ Rf8 29. Qd7 Nxg3 0-1

[Event "IND-ch Rapid"]
[Site "Nashik"]
[Date "2022.04.28"]
[Round "5"]
[White "Karthikeyan, Pandian"]
[Black "Deepan Chakkravarthy, J."]
[Result "0-1"]
[WhiteElo "2378"]
[BlackElo "2474"]
[PlyCount "92"]
[EventDate "2022.04.27"]
[EventType "swiss (rapid)"]
[EventRounds "9"]
[EventCountry "IND"]
[SourceTitle "CBM 208 Extra"]
[Source "ChessBase"]
[SourceDate "2022.07.31"]
[SourceVersion "1"]
[SourceVersionDate "2022.07.31"]
[SourceQuality "1"]

1. d4 d5 2. c4 dxc4 3. e3 Nf6 4. Bxc4 a6 5. Nf3 e6 6. 0-0 c5 7. Be2 Nc6 8. dxc5 Bxc5 9. Qc2 Qe7 10. a3 0-0 11. b4 Bd6 12. Bb2 e5 13. Nbd2 Bg4 14. Nc4 Bc7 15. Nh4 Bxe2 16. Qxe2 Rac8 17. Rac1 Qe6 18. Qf3 Rfd8 19. e4 b5 20. Ne3 Nd4 21. Bxd4 exd4 22. Nef5 g6 23. Rfd1 gxf5 24. Rxc7 fxe4 25. Rxc8 Rxc8 26. Qf4 d3 27. Nf5 Kh8 28. Ne3 Nd5 29. Nxd5 Qxd5 30. h4 Re8 31. g3 h5 32. Kh2 Rc8 33. Kg1 Kh7 34. Kh2 Rc6 35. Rd2 Kg7 36. Rd1 Rf6 37. Qd2 Qf5 38. Kg1 Rc6 39. Rc1 Rxc1+ 40. Qxc1 Qd5 41. Qc3+ Kh7 42. Qd2 Kg6 43. Kf1 e3 44. fxe3 Qh1+ 45. Kf2 Qh2+ 46. Ke1 Qg1# 0-1

[Event "Gujarat op 3rd"]
[Site "Ahmedabad"]
[Date "2022.04.05"]
[Round "8"]
[White "Priyanka, K."]
[Black "Karthikeyan, Pandian"]
[Result "0-1"]
[WhiteElo "2215"]
[BlackElo "2397"]
[PlyCount "56"]
[EventDate "2022.03.31"]
[EventType "swiss"]
[EventRounds "10"]
[EventCountry "IND"]
[SourceTitle "CBM 207 Extra"]
[Source "ChessBase"]
[SourceDate "2022.05.31"]
[SourceVersion "1"]
[SourceVersionDate "2022.05.31"]
[SourceQuality "1"]

1. e4 c6 2. Nf3 d5 3. Nc3 Bg4 4. h3 Bxf3 5. Qxf3 e6 6. Be2 Bc5 7. 0-0 Ne7 8. Rd1 d4 9. Na4 Bd6 10. b3 0-0 11. g3 Nd7 12. Qg2 f5 13. c3 f4 14. Bg4 b5 15. Nb2 fxg3 16. fxg3 Ne5 17. Bxe6+ Kh8 18. Rf1 Bc5 19. Kh1 Rxf1+ 20. Qxf1 Qd6 21. b4 Bb6 22. Bb3 N7g6 23. d3 Rf8 24. Bf4 dxc3 25. Nd1 Nxf4 26. gxf4 Nxd3 27. f5 Qd4 28. Qg2 c2 0-1

[Event "Guwahati op 1st"]
[Site "Guwahati"]
[Date "2022.03.18"]
[Round "8"]
[White "Karthikeyan, Pandian"]
[Black "Kumar, Gaurav"]
[Result "1-0"]
[WhiteElo "2397"]
[BlackElo "2025"]
[PlyCount "77"]
[EventDate "2022.03.14"]
[EventType "swiss"]
[EventRounds "10"]
[EventCountry "IND"]
[SourceTitle "CBM 207 Extra"]
[Source "ChessBase"]
[SourceDate "2022.05.31"]
[SourceVersion "1"]
[SourceVersionDate "2022.05.31"]
[SourceQuality "1"]

1. d4 Nf6 2. c4 e6 3. Nf3 d5 4. g3 Be7 5. Bg2 0-0 6. 0-0 dxc4 7. Qa4 a6 8. Qxc4 b5 9. Qc2 Bb7 10. Bd2 Be4 11. Qc1 Nbd7 12. Ba5 Rc8 13. Nbd2 Ba8 14. Qc2 Qe8 15. b4 Nd5 16. a3 f5 17. Rac1 Qh5 18. Qd3 Bd6 19. e4 fxe4 20. Nxe4 e5 21. Nxd6 cxd6 22. Rxc8 Rxc8 23. dxe5 Nxe5 24. Nxe5 Qxe5 25. Qd2 Qh5 26. Re1 h6 27. h3 Kh8 28. Re6 Nf6 29. Rxd6 Bxg2 30. Kxg2 Ne4 31. Rd8+ Kh7 32. Qf4 Rc4 33. Bb6 Qg6 34. Bd4 Ng5 35. Rd6 Qd3 36. Bxg7 Rxf4 37. Rxd3 Rf7 38. Be5 Ne4 39. f4 1-0

[Event "Guwahati op 1st"]
[Site "Guwahati"]
[Date "2022.03.16"]
[Round "4"]
[White "Karthikeyan, Pandian"]
[Black "Vaibhav, Jayant Raut"]
[Result "1-0"]
[WhiteElo "2397"]
[BlackElo "2198"]
[PlyCount "71"]
[EventDate "2022.03.14"]
[EventType "swiss"]
[EventRounds "10"]
[EventCountry "IND"]
[SourceTitle "CBM 207 Extra"]
[Source "ChessBase"]
[SourceDate "2022.05.31"]
[SourceVersion "1"]
[SourceVersionDate "2022.05.31"]
[SourceQuality "1"]

1. e4 c5 2. Nf3 Nc6 3. Bb5 g6 4. 0-0 Bg7 5. c3 Nf6 6. Re1 0-0 7. d4 cxd4 8. cxd4 d5 9. e5 Ne4 10. Bxc6 bxc6 11. Be3 f6 12. exf6 exf6 13. Qc1 Qb6 14. Nc3 Re8 15. h3 Bd7 16. Nxe4 dxe4 17. Nd2 f5 18. Nc4 Qa6 19. Ne5 Bxe5 20. dxe5 Be6 21. Bg5 Bd5 22. Bf6 Rab8 23. Qh6 Qb7 24. h4 Qf7 25. h5 Re6 26. Re3 Rxf6 27. exf6 Qxf6 28. Rg3 Bf7 29. Rd1 Rxb2 30. Qf4 Bd5 31. Qc7 Rxa2 32. hxg6 hxg6 33. Rh3 Qg7 34. Qd8+ Kf7 35. Rxd5 Ra1+ 36. Rd1 1-0